00700nam a2200217Ia 450000500170000000800410001702000180005804100080007608200130008410000190009724500770011626000380019330000090023150000140024065000140025470000190026890600110028794200070029899900170030595201600032220230401141012.0230125s9999 xx 000 0 und d a9788132113423 aeng a330bKAU aKaul V9114200 aEasy Money:Evolution of Money from Robinson Cruse to the First World War c2013bSage publicationaNew Delhi a277p aEconomics aEconomics aKaul V9114200 b106.25 cBK c94039d94039 00104070aHIMRbHIMRd2016-03-04ePritam Book Centreg425.00i9831l0o330 KAU B14109pHIMR-BK-14109r2023-01-25 00:00:00v318.75w2016-03-04yBKzB14109